| 000 | 01499nam a2200373Ia 4500 | ||
|---|---|---|---|
| 001 | ebr10748752 | ||
| 003 | CaPaEBR | ||
| 006 | m o u | ||
| 007 | cr cn||||||||| | ||
| 008 | 050914s2006 pau sb 001 0 eng d | ||
| 010 | _z 2005042362 | ||
| 020 | _z0812239245 (cloth : alk. paper) | ||
| 020 | _z9780812239249 | ||
| 020 | _z9780812201024 | ||
| 020 | _z0812219414 (pbk.) | ||
| 020 | _z9780812219418 (pbk.) | ||
| 040 |
_aCaPaEBR _cCaPaEBR |
||
| 035 | _a(OCoLC)859161572 | ||
| 050 | 1 | 4 |
_aGN645 _b.F43 2006eb |
| 082 | 0 | 4 |
_a391.2096 _223 |
| 245 | 0 | 0 |
_aFemale circumcision _h[electronic resource] : _bmulticultural perspectives / _cedited by Rogaia Mustafa Abusharaf. |
| 260 |
_aPhiladelphia : _bUniversity of Pennsylvania Press, _cc2006. |
||
| 300 | _avi, 287 p. | ||
| 490 | 0 | _aPennsylvania studies in human rights | |
| 504 | _aIncludes bibliographical references (p. [253]-272) and index. | ||
| 533 |
_aElectronic reproduction. _bPalo Alto, Calif. : _cebrary, _d2013. _nAvailable via World Wide Web. _nAccess may be limited to ebrary affiliated libraries. |
||
| 650 | 0 |
_aFemale circumcision _zAfrica. |
|
| 650 | 0 |
_aFemale circumcision _xMoral and ethical aspects _zAfrica. |
|
| 650 | 0 |
_aFemale circumcision _zAfrica _xPrevention. |
|
| 655 | 7 |
_aElectronic books. _2local |
|
| 700 | 1 | _aAbusharaf, Rogaia Mustafa. | |
| 710 | 2 | _aebrary, Inc. | |
| 856 | 4 | 0 |
_uhttp://site.ebrary.com/lib/rucke/Doc?id=10748752 _zAn electronic book accessible through the World Wide Web; click to view |
| 999 |
_c113429 _d113429 |
||